[Event "RUS-ch Higher League (Women) 66th"]
[Site "Kolomna"]
[Date "2016.06.28"]
[Round "6"]
[White "Mikhailova, Lubov"]
[Black "Potapova, Margarita"]
[Result "0-1"]
[WhiteElo "2051"]
[BlackElo "2061"]
[PlyCount "78"]
[EventDate "2016.06.22"]
[EventType "swiss"]
[EventRounds "9"]
[EventCountry "RUS"]
[SourceTitle "CBM 173 Extra"]
[Source "ChessBase"]
[SourceDate "2016.08.29"]
[SourceVersion "1"]
[SourceVersionDate "2016.08.29"]
[SourceQuality "1"]

1. c4 e5 2. g3 Nf6 3. Bg2 d5 4. cxd5 Nxd5 5. Nc3 Nb6 6. d3 Be7 7. Nf3 Nc6 8. 0-0 0-0 9. Be3 Bg4 10. a4 Bb4 11. h3 Bh5 12. g4 Bg6 13. a5 Bxc3 14. bxc3 Nd5 15. Bg5 Qd6 16. c4 Nf4 17. Bxf4 exf4 18. d4 Rad8 19. c5 Qf6 20. Qb3 Rb8 21. d5 Nd4 22. Nxd4 Qxd4 23. Rfc1 Rfe8 24. Bf3 Qf6 25. Qc4 b5 26. cxb6 cxb6 27. a6 b5 28. Qc7 b4 29. d6 b3 30. d7 Rf8 31. Qxa7 b2 32. Rab1 Bxb1 33. Rc6 Qxc6 34. Bxc6 Bg6 35. Qd4 b1Q+ 36. Kg2 Qb6 37. Qxb6 Rxb6 38. Bb7 Rxb7 39. axb7 Be4+ 0-1

[Event "Vladivostok-ch"]
[Site "Vladivostok"]
[Date "2010.10.19"]
[Round "5"]
[White "Mikhailova, Lubov"]
[Black "Krochak, Mikhail"]
[Result "1-0"]
[WhiteElo "1995"]
[BlackElo "1842"]
[PlyCount "71"]
[EventDate "2010.10.15"]
[EventType "swiss"]
[EventRounds "9"]
[EventCountry "RUS"]
[SourceTitle "EXT 2022"]
[Source "ChessBase"]
[SourceDate "2021.10.06"]
[SourceVersion "1"]
[SourceVersionDate "2021.10.06"]
[SourceQuality "1"]

1. c4 e5 2. Nc3 Bb4 3. d3 Bxc3+ 4. bxc3 d6 5. g3 Nc6 6. Bg2 Nf6 7. e4 0-0 8. Ne2 Bg4 9. h3 Bh5 10. 0-0 h6 11. Be3 Rb8 12. Qd2 b6 13. d4 Na5 14. Qd3 c5 15. f4 Re8 16. Nc1 Bg6 17. f5 Bh7 18. Nb3 Nb7 19. d5 Qc7 20. Qd2 Nd7 21. g4 a5 22. a4 Kh8 23. Rac1 Rg8 24. Qf2 Qd8 25. Nd2 f6 26. h4 Qe8 27. h5 Nf8 28. Nf3 Qxa4 29. Nh4 Qxc4 30. Ng6+ Bxg6 31. hxg6 Nd7 32. Qh4 Nd8 33. Bxh6 Re8 34. Bxg7+ Kxg7 35. Qh7+ Kf8 36. g7+ 1-0

[Event "Primorie-ch Boys/Girls U16"]
[Site "Lesozavodsk"]
[Date "2010.06.25"]
[Round "1"]
[White "Mikhailova, Lubov"]
[Black "Petko, Darya"]
[Result "1/2-1/2"]
[WhiteElo "1949"]
[BlackElo "1810"]
[PlyCount "81"]
[EventDate "2010.06.25"]
[EventType "swiss"]
[EventRounds "11"]
[EventCountry "RUS"]
[SourceTitle "EXT 2022"]
[Source "ChessBase"]
[SourceDate "2021.10.06"]
[SourceVersion "1"]
[SourceVersionDate "2021.10.06"]
[SourceQuality "1"]

1. c4 e5 2. Nc3 Nf6 3. g3 d6 4. Bg2 Be7 5. d3 0-0 6. Bd2 c6 7. e4 Na6 8. a3 Nc7 9. Qb3 Rb8 10. Nf3 Be6 11. Qc2 h6 12. 0-0 Qd7 13. b4 b6 14. a4 b5 15. axb5 cxb5 16. Rxa7 bxc4 17. Nd5 Nfxd5 18. exd5 Bxd5 19. dxc4 Qc6 20. b5 Rxb5 21. Qa4 Rb2 22. Qxc6 Bxc6 23. Rxc7 Bxf3 24. Bxf3 Bd8 25. Bc1 Rb3 26. Rd7 Rxf3 27. Be3 Bg5 28. Bxg5 hxg5 29. Rxd6 Rc3 30. Rc6 Rd8 31. f4 gxf4 32. gxf4 exf4 33. Rxf4 Rd1+ 34. Kg2 Rd2+ 35. Rf2 Rd4 36. Rc8+ Kh7 37. Rxf7 Rdxc4 38. Rxc4 Rxc4 39. Rf2 Rc6 40. Kg1 Rg6+ 41. Kf1 1/2-1/2

[Event "Vladivostok op"]
[Site "Vladivostok"]
[Date "2010.06.04"]
[Round "4"]
[White "Zubarev, Dmitriy"]
[Black "Mikhailova, Lubov"]
[Result "1-0"]
[WhiteElo "2047"]
[BlackElo "1949"]
[PlyCount "59"]
[EventDate "2010.06.01"]
[EventType "swiss"]
[EventRounds "9"]
[EventCountry "RUS"]
[SourceTitle "CBM 137 Extra"]
[Source "ChessBase"]
[SourceDate "2010.09.01"]
[SourceVersion "1"]
[SourceVersionDate "2010.09.01"]
[SourceQuality "1"]

1. f4 d5 2. e3 Nf6 3. Nf3 Bg4 4. Be2 Nc6 5. 0-0 Bxf3 6. Bxf3 Qd7 7. a3 h5 8. b4 a6 9. Bb2 Qf5 10. c4 e6 11. Nc3 Be7 12. b5 axb5 13. Nxb5 Bd8 14. cxd5 exd5 15. Bxf6 gxf6 16. Qb3 Ne7 17. Rfc1 Qd7 18. Nd4 c6 19. Qd1 f5 20. Bxh5 Qd6 21. Be2 Qh6 22. Nf3 Ng6 23. h3 Rg8 24. Bf1 Kf8 25. Rcb1 b5 26. Qc2 Ne7 27. Kh1 Rg3 28. Nd4 Qd6 29. Rc1 Rc8 30. Ne2 1-0

[Event "Asia-ch Children-C"]
[Site "Yakutsk"]
[Date "2008.07.10"]
[Round "6"]
[White "Mikhailova, Lubov"]
[Black "Semenova, Elena"]
[Result "0-1"]
[WhiteElo "1917"]
[BlackElo "2048"]
[PlyCount "44"]
[EventDate "2008.07.05"]
[EventType "swiss"]
[EventRounds "7"]
[EventCountry "RUS"]
[SourceTitle "EXT 2022"]
[Source "ChessBase"]
[SourceDate "2021.10.06"]
[SourceVersion "1"]
[SourceVersionDate "2021.10.06"]
[SourceQuality "1"]

1. e4 e5 2. Nf3 Nf6 3. Nc3 Nc6 4. d4 exd4 5. Nxd4 Bb4 6. Nxc6 bxc6 7. Bd2 Qe7 8. f3 d5 9. Bd3 dxe4 10. Nxe4 Nxe4 11. fxe4 Bc5 12. Qe2 Rb8 13. Bc3 Qh4+ 14. g3 Qg5 15. Bd2 Qe7 16. Bc3 0-0 17. 0-0-0 Be6 18. Bc4 Rfe8 19. Rhe1 Bb4 20. Qd3 Qg5+ 21. Kb1 Red8 22. Qe2 Bxc3 0-1

[Event "Asia-ch Children-C"]
[Site "Yakutsk"]
[Date "2008.07.06"]
[Round "2"]
[White "Mikhailova, Lubov"]
[Black "Adamova, Tuyaara"]
[Result "0-1"]
[WhiteElo "1917"]
[BlackElo "1845"]
[PlyCount "58"]
[EventDate "2008.07.05"]
[EventType "swiss"]
[EventRounds "7"]
[EventCountry "RUS"]
[SourceTitle "EXT 2022"]
[Source "ChessBase"]
[SourceDate "2021.10.06"]
[SourceVersion "1"]
[SourceVersionDate "2021.10.06"]
[SourceQuality "1"]

1. c4 e6 2. d4 d5 3. e3 Nf6 4. Nc3 Be7 5. Nf3 c6 6. Bd2 0-0 7. Bd3 dxc4 8. Bxc4 Nbd7 9. 0-0 b6 10. e4 Bb7 11. a4 Qc7 12. Rc1 Rfe8 13. Re1 Rad8 14. Qb3 h6 15. Qa2 Bb4 16. Nb5 cxb5 17. Bxe6 Nc5 18. Bxb4 Rxe6 19. dxc5 Rxe4 20. Rxe4 Bxe4 21. h3 Bxf3 22. gxf3 Qf4 23. Qb1 Qxb4 24. c6 bxa4 25. c7 Rc8 26. Rd1 Qe7 27. Qc2 Rxc7 28. Qxa4 Rc5 29. h4 Qe2 0-1

[Event "Asia-ch Children-C"]
[Site "Yakutsk"]
[Date "2008.07.05"]
[Round "1"]
[White "Repina, Varvara"]
[Black "Mikhailova, Lubov"]
[Result "1-0"]
[WhiteElo "2201"]
[BlackElo "1917"]
[PlyCount "49"]
[EventDate "2008.07.05"]
[EventType "swiss"]
[EventRounds "7"]
[EventCountry "RUS"]
[SourceTitle "EXT 2022"]
[Source "ChessBase"]
[SourceDate "2021.10.06"]
[SourceVersion "1"]
[SourceVersionDate "2021.10.06"]
[SourceQuality "1"]

1. e4 e6 2. d4 d5 3. Nc3 Bb4 4. e5 c5 5. a3 cxd4 6. axb4 dxc3 7. Qg4 Qe7 8. Nf3 f6 9. Bd3 fxe5 10. Nxe5 Nf6 11. Qh4 Qf8 12. 0-0 Nbd7 13. Bb5 Qd6 14. Qg3 0-0 15. Nxd7 Qxb4 16. bxc3 Qxb5 17. Nxf8 Kxf8 18. Ba3+ Kg8 19. Qd6 Qe8 20. f3 Bd7 21. Bc5 b6 22. Bd4 Rd8 23. Qg3 Nh5 24. Qg5 h6 25. Qe5 1-0